00512nam a22001337a 4500082001500000100001800015245007800033260004400111300001900155650002000174942000700194999001700201952016000218 a006.78 NIE aNielsen, Lars aThe little book of Cloud Computing : including coverage of big data tools aIslandbNew street communicationsc2013 a106p. :e22 cm aCloud Computing cBK c12690d12690 001040708NFICaCLbCLcMALEd2014-01-27eProgressive International Agenciesg2417.05l1o006.78 NIEpSEECS013141r2016-04-10s2016-02-10w2014-01-27yBK